| 000 | 01298 a2200265 4500 | ||
|---|---|---|---|
| 001 | 41178 | ||
| 005 | 20260407155705.0 | ||
| 008 | 260407a2005 arg spa d | ||
| 003 | AR-UNSa-BCEJYS | ||
| 040 |
_aAR-UNSa-BCEJYS _bspa _cAR-UNSa-BCEJYS |
||
| 080 |
_a347.72 _xSociedades comerciales |
||
| 245 | 1 | 0 |
_aLa actuación societaria _pTipicidad - sociedades irregulares y de hecho - sociedades informales - resolución parcial - disolución - cancelación de la inscripción - conflictos societarios - fideicomiso de acciones |
| 020 | _a950-894-520-6 | ||
| 264 | 1 |
_aBuenos Aires : _bAD-HOC _c2005 |
|
| 300 |
_a476 p. _c23 cm. |
||
| 505 | _a1. Tipicidad - 2. Sociedades irregualares y de hecho - 3. Sociedades informales - 4. Resolución parcial - 5. Disolución - 6. Cancelación de la inscripción - 7. Conflictos societarios - 8. Fideicomiso de acciones | ||
| 041 | _aspa | ||
| 942 | _cBK | ||
| 590 | _aniveau_biblio:m niveau_hierar:0 | ||
| 100 | 1 | _aRichard, Efraín Hugo | |
| 700 | 1 | _aVítolo, Daniel Roque | |
| 700 | 1 | _aFernández de Andreani, Patricia A. | |
| 700 | 1 | _aJornadas de Institutos de Derecho Comercial de la República Argentina (12º : 2005 : San Rafael, Mendoza) | |
| 856 | 4 | 1 |
_uhttps://biblioeco.unsa.edu.ar/pmb/images/libros/L126406_01.jpg _yImagen de portada _qimage/jpeg |
| 999 |
_c3400 _d3400 |
||